000 00286nam a22001337a 4500
008 181029b xxu||||| |||| 00| 0 eng d
020 _a9780465025107
041 _aeng
080 _a159.9
100 _a48
101 _aPSI
245 _aFrames of Mind
_cGardner,H
942 _2udc
_cBK
999 _c51037
_d51037